| 000 | 00985cab a2200301 4500 | ||
|---|---|---|---|
| 001 | ABS54760 | ||
| 008 | 090401t1996 xxu||||| |||| 00| 0 eng d | ||
| 035 | _a(Sirsi) u12168 | ||
| 041 | _aeng | ||
| 100 | _aDAY, A. | ||
| 245 | _aTenants` tactics: exercising a break clause in the current legal climate | ||
| 260 | _c1996 | ||
| 350 | _a0 | ||
| 490 |
_aRent Review & Lease Renewal _v16(1) 1996, 20-25(3) |
||
| 520 | _aConsiders options open to tenants wishing to implement a break clause in the light of "Trane UK Ltd v Prudential Mutual Life Assurance" (Abs52145). | ||
| 650 | _aBREACHES OF COVENANT | ||
| 650 | _aBREAK CLAUSES | ||
| 650 | _aCONDITIONS PRECEDENT | ||
| 650 | _aDETERMINATION | ||
| 650 | _aLEASES | ||
| 650 | _aOPTION TO BREAK | ||
| 650 | _aREPAIRING COVENANTS | ||
| 650 | _aSCHEDULE OF DEFECTS | ||
| 650 | _aTRANE UK LTD V PRUDENTIAL MUTUAL LIFE ASSURANCE | ||
| 690 | _aLANDLORD AND TENANT-BUSINESS TENANCIES | ||
| 942 | _n0 | ||
| 948 | _c04/03/1997 | ||
| 999 |
_c7787 _d7787 |
||